Ultimate Guitarists Quiz - Statistics

General Stats
  • This quiz has been taken 148 times
  • The average score is 10 of 19
Answer Stats
Hint Answer Band % Correct
Frankenstrat, Eruption, Hot For Teacher Eddie Van Halen ___ _____
94%
Gibson Les Paul, Welcome To The Jungle, November Rain Slash Solo Artist, Guns n' Roses
74%
Fender/ Stratocaster, Fire, Voodoo Child Jimi Hendrix The ____ _______ Experience
73%
Fender, Smells Like Teen Spirit, Heart Shaped Box Kurt Cobain Nirvana
73%
ESP Flying V, One, Master of Puppets Kirk Hammett Metallica
70%
Fender, Gibson, Stairway To Heaven, Achilles Last Stand Jimmy Page Yardbirds, Led Zeppelin
68%
Fender Telecaster, Seven Nation Army, Blue Orchid Jack White The _____ Stripes
63%
Gibson/Epiphone SG, Sabbath Bloody Sabbath, Paranoid Tony Iommi Black Sabbath
54%
Dean, Holy Wars...The Punishment Due, Symphony Of Destruction Dave Mustaine Megadeth
53%
Gibson, Fender, Pinball Wizard, Baba O'Riley Pete Townshend The Who
46%
Ibanez, Satch Boogie, Surfing With The Alien Joe Satriani Solo Artist, Chickenfoot
44%
BC Rich Flying V/Warlock, Angel of Death, Raining Blood Kerry King Slayer
40%
Ibanez, For The Love Of God, Tender Surrender Steve Vai Solo Artist
40%
Gibson Les Paul, Fly By Night, 2112 Alex Lifeson Rush
37%
Gibson Les Paul, Crazy Train, No More Tears Zakk Wylde Ozzy Osbourne
36%
Sterling, Acid Rain, Pull Me Under John Petrucci Dream Theater, Liquid Tension Experiment
34%
Jackson, Indians, Caught In A Mosh Scott Ian Anthrax, The Damned Things, Stormtroopers Of Death
31%
Schecter, Bonded By Blood, Deathamphetamine Gary Holt Exodus
12%
Gibson Les Paul Silverburst Custom, Schism, Sober Adam Jones Tool
11%
No matching quizzes found
Score Distribution
Percent of People with Each Score
Percentile by Number Answered
Your Score History
You have not taken this quiz